[Event "AUTO-MASTER-1107"]
[Site "http://www.queenalice.com/game.php?id=769075"]
[Date "2010.5.1"]
[Round "1"]
[White "theundertacker"]
[Black "amand"]
[Result "0-1"]
[WhiteElo "2097"]
[BlackElo "2283"]

1. e4 e6 2. d4 d5 3. Nd2 dxe4 4. Nxe4 Nd7 5. Nf3 Ngf6 6. Nxf6+ Nxf6 7. Bd3 Be7
8. O-O O-O 9. Ne5 Nd7 10. Qe2 c5 11. Be3 cxd4 12. Bxd4 Nxe5 13. Bxe5 Bf6 14.
Rad1 Qe7 15. Bd6 Qe8 16. Bxf8 Kxf8 0-1

[Event "AUTO-MASTER-1107"]
[Site "http://www.queenalice.com/game.php?id=769090"]
[Date "2010.5.1"]
[Round "1"]
[White "luciopac"]
[Black "theundertacker"]
[Result "1-0"]
[WhiteElo "2148"]
[BlackElo "2119"]

1. e4 d5 2. e5 c5 3. Nf3 Nc6 4. c3 d4 5. Bb5 Bd7 6. cxd4 cxd4 7. Qa4 e6 8. d3 a6
9. Bxc6 Bxc6 10. Qxd4 Bxf3 11. Qxd8+ Rxd8 12. gxf3 Rxd3 13. Ke2 Rd7 14. Nc3 Ne7
15. Be3 Nf5 16. Rac1 Be7 17. Bb6 1-0

[Event "AUTO-MASTER-1107"]
[Site "http://www.queenalice.com/game.php?id=769091"]
[Date "2010.5.1"]
[Round "1"]
[White "theundertacker"]
[Black "luciopac"]
[Result "0-1"]
[WhiteElo "2108"]
[BlackElo "2159"]

1. e4 d5 2. exd5 Qxd5 3. Nc3 Qa5 4. d4 c6 5. Nf3 Nf6 6. Bc4 Bg4 7. h3 Bh5 8. g4
Bg6 9. Bd2 Qc7 10. Qe2 b5 11. Bd3 Bxd3 12. Qxd3 b4 13. Ne4 Nxe4 14. Qxe4 e6 15.
O-O-O Bd6 0-1

[Event "AUTO-MASTER-1107"]
[Site "http://www.queenalice.com/game.php?id=769100"]
[Date "2010.5.1"]
[Round "1"]
[White "gandolfo1341"]
[Black "theundertacker"]
[Result "0-1"]
[WhiteElo "1823"]
[BlackElo "2097"]

1. d4 d5 2. c4 c6 3. Nc3 Nf6 4. Nf3 a6 5. a4 e6 6. e3 c5 7. cxd5 exd5 8. Bd3 Nc6
9. O-O Be7 10. dxc5 O-O 11. e4 d4 12. Ne2 Bxc5 13. Bg5 Bg4 14. Rc1 Be7 15. h3
Bxf3 16. gxf3 Ne5 17. Nf4 Qd6 18. Bxf6 Bxf6 19. Nd5 Ng6 20. Kh1 Nf4 21. Nxf4
Qxf4 22. Kg2 Be5 23. Rh1 Rac8 24. b3 Qg5+ 25. Kf1 Rxc1 0-1

[Event "AUTO-MASTER-1107"]
[Site "http://www.queenalice.com/game.php?id=769101"]
[Date "2010.5.1"]
[Round "1"]
[White "theundertacker"]
[Black "gandolfo1341"]
[Result "1-0"]
[WhiteElo "2090"]
[BlackElo "1867"]

1. e4 c5 2. Nf3 a6 3. d4 cxd4 4. Nxd4 e5 5. Nf3 Qc7 6. Nc3 Bb4 7. Bd2 Nf6 8. Bd3
b5 9. O-O Bb7 10. Qe2 O-O 11. Nxb5 axb5 12. Bxb4 d6 13. Bxb5 Nxe4 14. a4 Na6 15.
Ba3 Nac5 16. Qe3 Ne6 17. c4 Rad8 18. a5 f5 19. a6 Ba8 20. Bb4 f4 21. Qb3 Kh8 22.
Ba5 N6c5 23. Bxc7 Nxb3 24. Bxd8 Nxa1 25. Be7 Rf7 26. Bxd6 Nxd6 27. Rxa1 e4 28.
Rd1 exf3 29. Rxd6 Rf8 30. gxf3 Bxf3 31. c5 g6 32. c6 Kg7 33. c7 Rc8 34. Bc6 Bxc6
35. Rxc6 Kf7 36. a7 f3 37. h4 Ke7 38. a8=Q 1-0

[Event "Challenge"]
[Site "http://www.queenalice.com/game.php?id=815044"]
[Date "2010.8.8"]
[Round "-"]
[White "kworks"]
[Black "theundertacker"]
[Result "0-1"]
[WhiteElo "1985"]
[BlackElo "2080"]

1. Nf3 d5 2. e3 Nf6 3. d4 c5 4. dxc5 e6 5. c4 Bxc5 6. cxd5 Qxd5 7. Bb5+ Bd7 8.
Bd3 Nc6 9. Nc3 Qh5 10. Qe2 O-O 11. Bd2 Nb4 12. Ne4 Nxd3+ 13. Qxd3 Nxe4 14. Qxd7
Rad8 15. Qxb7 Qg4 16. Rg1 Nxd2 17. Nxd2 Rxd2 18. Kxd2 Bb4+ 19. Qxb4 Qxb4+ 20.
Ke2 Qxb2+ 21. Kf3 Qf6+ 22. Ke2 Rb8 23. Rab1 Rb2+ 24. Rxb2 Qxb2+ 25. Kf3 Qxa2 26.
Rc1 g6 27. Rc7 Qd5+ 28. Ke2 a5 29. Ra7 a4 30. g3 Qb3 31. Kf3 a3 32. Kg2 a2 33.
h4 Qb2 0-1

[Event "AUTO-MASTER-1211"]
[Site "http://www.queenalice.com/game.php?id=827618"]
[Date "2010.9.4"]
[Round "1"]
[White "dadge"]
[Black "theundertacker"]
[Result "1-0"]
[WhiteElo "2099"]
[BlackElo "2073"]

1. e4 d5 2. exd5 Qxd5 3. d4 c6 4. Nc3 Qa5 5. Nf3 Nf6 6. Bd3 Bg4 7. h3 Bh5 8. g4
Bg6 9. Ne5 e6 10. Qe2 Nbd7 11. Nc4 Qc7 12. Bg5 Bxd3 13. Qxd3 Be7 14. O-O-O O-O-O
15. Qf3 1-0

[Event "AUTO-MASTER-1211"]
[Site "http://www.queenalice.com/game.php?id=827619"]
[Date "2010.9.4"]
[Round "1"]
[White "theundertacker"]
[Black "dadge"]
[Result "0-1"]
[WhiteElo "2089"]
[BlackElo "2083"]

1. e4 e5 2. Nf3 Nc6 3. Bb5 Nf6 4. O-O d6 5. Re1 Be7 6. d4 Bd7 7. Nc3 exd4 8.
Nxd4 Nxd4 9. Bxd7+ Nxd7 10. Qxd4 O-O 11. Nd5 Re8 12. Nxe7+ Qxe7 13. Bf4 Qf6 14.
Qxf6 Nxf6 0-1

[Event "AUTO-MASTER-1211"]
[Site "http://www.queenalice.com/game.php?id=827634"]
[Date "2010.9.4"]
[Round "1"]
[White "sergiogvh"]
[Black "theundertacker"]
[Result "1/2-1/2"]
[WhiteElo "2243"]
[BlackElo "2075"]

1. e4 d5 2. Nf3 dxe4 3. Ng5 Nf6 4. Bc4 e6 5. Nc3 Be7 6. O-O O-O 7. Ngxe4 Nxe4 8.
Nxe4 Nd7 9. d4 Nf6 10. Qd3 b6 11. Nxf6+ Bxf6 12. c3 Bb7 13. Be3 Qe7 14. Bb3 Rad8
15. Bc2 g6 16. Bh6 Bg7 17. Bxg7 Kxg7 18. Qe3 c5 19. Rad1 cxd4 20. Rxd4 Rxd4 21.
Qxd4+ e5 22. Qe3 Rd8 23. f3 f6 24. Bb3 Bd5 25. Bc2 Bc4 26. Rc1 Qc5 27. Qxc5 bxc5
28. b3 Be6 29. Rd1 Rxd1+ 1/2-1/2

[Event "AUTO-MASTER-1211"]
[Site "http://www.queenalice.com/game.php?id=827635"]
[Date "2010.9.4"]
[Round "1"]
[White "theundertacker"]
[Black "sergiogvh"]
[Result "0-1"]
[WhiteElo "2017"]
[BlackElo "2242"]

1. e4 e6 2. d4 d5 3. Nd2 Nf6 4. e5 Nfd7 5. Bd3 c5 6. c3 Nc6 7. Ne2 cxd4 8. cxd4
Qb6 9. Nf3 Bb4+ 10. Bd2 Bxd2+ 11. Qxd2 Qb4 12. Rc1 O-O 13. a3 Qxd2+ 14. Kxd2 f6
15. exf6 Nxf6 16. h3 a6 17. Ne5 Nxe5 18. dxe5 Nd7 19. f4 Nb6 20. g3 Rb8 21. Nd4
Re8 22. Rc2 Re7 23. Rhc1 Bd7 24. b3 g6 25. a4 a5 26. b4 Bxa4 27. Rb2 Rc8 28.
Rxc8+ Nxc8 29. bxa5 Be8 30. Ke3 Kf7 31. g4 Na7 32. f5 exf5 33. e6+ Kf6 34. Rf2
Nc6 35. gxf5 g5 36. Nxc6 Bxc6 37. Kd4 h5 38. Kc5 g4 39. hxg4 hxg4 40. Rg2 Kg5
41. Kd6 Re8 0-1

[Event "AUTO-MASTER-1211"]
[Site "http://www.queenalice.com/game.php?id=827644"]
[Date "2010.9.4"]
[Round "1"]
[White "deepblue2010"]
[Black "theundertacker"]
[Result "1-0"]
[WhiteElo "2153"]
[BlackElo "2102"]

1. e4 d5 2. exd5 Qxd5 3. Nc3 Qa5 4. d4 c6 5. Nf3 Nf6 6. Bc4 Bf5 7. Ne5 e6 8. O-O
Bb4 9. Bd2 Nbd7 10. a3 Bxc3 11. Bxc3 Qc7 12. g4 1-0

[Event "AUTO-MASTER-1211"]
[Site "http://www.queenalice.com/game.php?id=827645"]
[Date "2010.9.4"]
[Round "1"]
[White "theundertacker"]
[Black "deepblue2010"]
[Result "0-1"]
[WhiteElo "2097"]
[BlackElo "1912"]

1. e4 c5 2. c3 d6 3. d4 cxd4 4. cxd4 Nf6 5. Nc3 g6 6. Nf3 Bg7 7. Be2 O-O 8. O-O
Nbd7 9. Re1 a6 10. a4 b6 11. Bc4 e5 12. dxe5 Nxe5 13. Nxe5 dxe5 14. Qxd8 Rxd8
15. Be3 Rb8 16. Rad1 Rxd1 17. Rxd1 Bb7 18. Bxb6 Bxe4 19. Ba7 Ra8 20. Nxe4 Nxe4
21. Rd7 Ng5 22. Bxa6 h5 23. Bc4 Rc8 24. b3 Ne6 0-1

[Event "AUTO-MASTER-1053"]
[Site "http://www.queenalice.com/game.php?id=840976"]
[Date "2010.10.2"]
[Round "2"]
[White "theundertacker"]
[Black "Feijo"]
[Result "1-0"]
[WhiteElo "2069"]
[BlackElo "2198"]

1. e4 c5 2. Nf3 Nc6 3. d4 cxd4 4. Nxd4 Nf6 5. Nc3 e5 6. Ndb5 d6 7. Bg5 a6 8. Na3
b5 9. Bxf6 Qxf6 10. Nd5 Qd8 11. c3 1-0

[Event "AUTO-MASTER-1053"]
[Site "http://www.queenalice.com/game.php?id=840977"]
[Date "2010.10.2"]
[Round "2"]
[White "Feijo"]
[Black "theundertacker"]
[Result "1/2-1/2"]
[WhiteElo "2202"]
[BlackElo "2074"]

1. e4 d5 2. exd5 Qxd5 3. Nc3 Qa5 4. d4 c6 5. Bc4 Bf5 6. Ne2 e6 7. O-O Nf6 8. Bf4
Nbd7 9. Ng3 Bg6 10. Qe2 Be7 11. Nce4 Nxe4 12. Nxe4 Qf5 13. Nd6+ Bxd6 14. Bxd6
Qxc2 15. Qxc2 Bxc2 16. Rac1 Bg6 17. d5 cxd5 18. Bb5 a6 19. Be2 Nf6 20. Rc7 Ne4
21. Bb4 b6 22. Rfc1 Nc5 23. Bxc5 bxc5 24. R1xc5 1/2-1/2

[Event "AUTO-MASTER-1053"]
[Site "http://www.queenalice.com/game.php?id=840978"]
[Date "2010.10.2"]
[Round "2"]
[White "theundertacker"]
[Black "TheBigSid"]
[Result "0-1"]
[WhiteElo "2092"]
[BlackElo "2193"]

1. e4 e6 2. d4 d5 3. Nd2 Nf6 4. e5 Nfd7 5. Bd3 c5 6. c3 Nc6 7. Ne2 cxd4 8. cxd4
f6 9. exf6 Nxf6 10. Nf3 Bd6 11. O-O O-O 12. Bf4 Bxf4 13. Nxf4 Qd6 0-1

[Event "AUTO-MASTER-1053"]
[Site "http://www.queenalice.com/game.php?id=840979"]
[Date "2010.10.2"]
[Round "2"]
[White "TheBigSid"]
[Black "theundertacker"]
[Result "1-0"]
[WhiteElo "2202"]
[BlackElo "2080"]

1. d4 d5 2. c4 c6 3. e3 Bf5 4. Nc3 e6 5. Nf3 Nf6 6. Qb3 Qb6 7. Be2 Qxb3 8. axb3
Nbd7 9. O-O Be7 10. Nh4 Bg6 11. Nxg6 hxg6 12. Bd2 1-0

[Event "AUTO-MASTER-1053"]
[Site "http://www.queenalice.com/game.php?id=840980"]
[Date "2010.10.2"]
[Round "2"]
[White "theundertacker"]
[Black "Pumuckel"]
[Result "0-1"]
[WhiteElo "2077"]
[BlackElo "2485"]

1. e4 e6 2. d4 d5 3. Nd2 Nf6 4. e5 Nfd7 5. Bd3 c5 6. c3 Nc6 7. Ne2 cxd4 8. cxd4
f6 9. Nf3 Qb6 10. exf6 Nxf6 11. O-O Bd6 12. Nc3 O-O 13. Be3 a6 14. a3 Bd7 15.
Na4 Qc7 16. Rc1 Be8 17. h3 Bh5 18. g4 Nxg4 19. hxg4 Bxg4 20. Be2 Qf7 21. Nh4 Qh5
22. Bxg4 Qxh4 23. Bxe6+ Kh8 0-1

[Event "AUTO-MASTER-1053"]
[Site "http://www.queenalice.com/game.php?id=840981"]
[Date "2010.10.2"]
[Round "2"]
[White "Pumuckel"]
[Black "theundertacker"]
[Result "1-0"]
[WhiteElo "2484"]
[BlackElo "2079"]

1. d4 d5 2. Nf3 Nf6 3. Bf4 c5 4. e3 e6 5. c3 Nc6 6. Nbd2 Bd6 7. Bg3 O-O 8. Bd3
Qe7 9. Ne5 Bxe5 10. dxe5 Nd7 11. f4 b6 12. Nf3 Bb7 13. O-O f6 14. Qc2 g6 15. Bh4
Qg7 16. exf6 Nxf6 17. Qd2 Rae8 18. Rad1 e5 19. Bb5 exf4 20. exf4 a6 21. Ba4 b5
22. Bb3 c4 23. Bc2 Kh8 24. Rfe1 1-0